Menéndez Pelayo: historia de sus problemas intelectuales
Guardat en:
| Autor principal: | |
|---|---|
| Format: | Llibre |
| Idioma: | espanyol |
| Publicat: |
Buenos Aires
Juventud
1945
|
| Matèries: | |
| Etiquetes: |
Afegir etiqueta
Sense etiquetes, Sigues el primer a etiquetar aquest registre!
|
MARC
| LEADER | 00000nam a2200000 a 4500 | ||
|---|---|---|---|
| 001 | UCI4464 | ||
| 003 | CL-VaPUC | ||
| 005 | 20220427074650.0 | ||
| 008 | 080118e19450000AG |||||||||||||||||spa|d | ||
| 999 | |c 328406 |d 328404 | ||
| 040 | |c Pontificia Universidad Católica de Valparaíso | ||
| 082 | 0 | 4 | |a 860.9 |b LAI |2 21 |
| 100 | |a Laín Entralgo, Pedro |e author |9 587753 | ||
| 245 | 1 | 0 | |a Menéndez Pelayo: historia de sus problemas intelectuales |
| 260 | |a Buenos Aires |b Juventud |c 1945 | ||
| 300 | |a 350 p | ||
| 500 | |a Donación Padres Capuchinos | ||
| 583 | |a last modification |c 20080118 00:00:00 |k Rodrigo Vera | ||
| 600 | 0 | |a Menéndez y Pelayo, Marcelino, |d 1856-1912 |9 864861 | |
| 650 | 0 | |a Literatura española |9 306261 | |
| 650 | 0 | |a Crítica literaria |9 269189 | |
| 650 | 0 | |a Biografías |9 255210 | |
| 650 | 0 | |a Crítica e interpretación |9 255042 | |
| 942 | |c BK |2 ddc | ||
| 945 | |d 20080118 00:00:00 |a rbrito | ||
| 952 | |0 0 |1 0 |4 0 |6 860_900000000000000_LAI_1945 |7 0 |8 X |9 412277 |a FDOBUD |b FDOBUD |d 2019-11-22 |i 4402227 |o 860.9 LAI 1945 |p 4402227 |r 2019-11-22 |w 2019-11-22 |y BK_X |k BUD | ||